Cargando…

The Ozarks in Missouri History : Discoveries in an American Region /

In the introduction to this book, the editor gives the reader background on the interest in and the study of the Ozarks. The scope of the collection reflects the true diversity of the region. Micro-studies by such well-known contributors as John Bradbury, Roger Grant, Gary Kremer, Stephen Limbaugh S...

Descripción completa

Detalles Bibliográficos
Otros Autores: Morrow, Lynn
Formato: Electrónico eBook
Idioma:Inglés
Publicado: Columbia, Missouri : University of Missouri Press, [2013]
Colección:Book collections on Project MUSE.
Temas:
Acceso en línea:Texto completo

MARC

LEADER 00000cam a22000004a 4500
001 musev2_27318
003 MdBmJHUP
005 20230905042909.0
006 m o d
007 cr||||||||nn|n
008 131104s2013 mou o 00 0 eng d
020 |a 9780826273031 
020 |z 9780826220066 
035 |a (OCoLC)862077698 
040 |a MdBmJHUP  |c MdBmJHUP 
245 0 4 |a The Ozarks in Missouri History :   |b Discoveries in an American Region /   |c edited by Lynn Morrow. 
264 1 |a Columbia, Missouri :  |b University of Missouri Press,  |c [2013] 
264 3 |a Baltimore, Md. :  |b Project MUSE,   |c 2013 
264 4 |c ©[2013] 
300 |a 1 online resource (317 pages):   |b illustrations 
336 |a text  |b txt  |2 rdacontent 
337 |a computer  |b c  |2 rdamedia 
338 |a online resource  |b cr  |2 rdacarrier 
500 |a Includes index. 
505 0 |a Trader William Gilliss and Delaware Migration in Southern Missouri / Lynn Morrow -- Slave Labor at the Maramec Iron Works, 1828-1850 / Barbara L. Green -- "Good Water & Wood but the Country Is a Miserable Botch" : Flatland Soldiers Confront the Ozarks / John F. Bradbury Jr. -- The Race of Improvement : Springfield Society, 1865-1881 / Charles K. Piehl -- "The City Belongs to the Local Unions" : The Rise of the Springfield Labor Movement, 1871-1912 / Stephen L. McIntyre -- The Ozark Short Line Railroad : A Failed Dream / H. Roger Grant -- Before Bass Pro : St. Louis Sporting Clubs on the Gasconade River / Lynn Morrow -- Whose Forest Is This? : Hill Folk, Industrialists, and Government in the Ozarks / David Benac -- Under Penalty of Death : Pierce City's Night of Racial Terror / Jason Navarro -- "Our Company Feels that the Ozarks are a Good Investment" : The Pierce Pennant Tavern System / Keith A. Sculle -- Lake Placid : "A Recreational Center for Colored People in the Missouri Ozarks" / Gary R. Kremer and Evan P. Orr -- Reflections on Public Welfare in Washington County, Missouri, 1939-1941 / Clarence R. Keathley -- Agricultural Change in the Western Ozarks / Milton D. Rafferty -- The Origin and Development of the Ozark National Scenic Riverways Project / Stephen N. Limbaugh. 
520 |a In the introduction to this book, the editor gives the reader background on the interest in and the study of the Ozarks. The scope of the collection reflects the true diversity of the region. Micro-studies by such well-known contributors as John Bradbury, Roger Grant, Gary Kremer, Stephen Limbaugh Sr., and Milton Rafferty explore the history, culture, and geography of this unique region. They trace the evolution of the Ozarks, examine the sometimes-conflicting influences exerted by St. Louis and Kansas City, and consider the sometimes highly charged struggle by federal, state, and local governments to define conservation and the future of Current River. 
588 |a Description based on print version record. 
651 7 |a United States  |z Ozark Mountains.  |2 fast  |0 (OCoLC)fst01243486 
651 7 |a Missouri.  |2 fast  |0 (OCoLC)fst01204724 
651 6 |a Missouri  |x Histoire. 
651 6 |a Ozark, Monts. 
651 0 |a Missouri  |x History. 
651 0 |a Ozark Mountains. 
650 7 |a Frontier and pioneer life.  |2 fast  |0 (OCoLC)fst00935370 
650 7 |a HISTORY  |z United States  |x State & Local  |x Midwest (IA, IL, IN, KS, MI, MN, MO, ND, NE, OH, SD, WI)  |2 bisacsh 
650 7 |a HISTORY  |z United States  |x State & Local  |x General.  |2 bisacsh 
650 0 |a Frontier and pioneer life  |z Missouri. 
655 7 |a History.  |2 fast  |0 (OCoLC)fst01411628 
655 7 |a Electronic books.   |2 local 
700 1 |a Morrow, Lynn. 
710 2 |a Project Muse.  |e distributor 
830 0 |a Book collections on Project MUSE. 
856 4 0 |z Texto completo  |u https://projectmuse.uam.elogim.com/book/27318/ 
945 |a Project MUSE - Custom Collection 
945 |a Project MUSE - 2013 US Regional Studies, Midwest 
945 |a Project MUSE - 2013 Complete